Statistics for Clash of clans or clash royale

Click here to take the quiz!

General Stats

  • This quiz has been taken 148 times
  • The average score is 7 of 10

Answer Stats

QuestionAnswer% Correct
Has someone named princeClash royale
99%
Made from supercellBoth
98%
Has a villageCoc
98%
Has a TeslaBoth
96%
Has a warBoth
88%
Has a training systemClash of clans
81%
Has clan war 2Clash royale
46%
Has arenasBoth
19%
Just defendBoth
18%
Has 100 troops or cardsClash of clans
11%

Score Distribution

Percentile by Number Answered

Percent of People with Each Score

Your Score History

You have not taken this quiz